Great Athlete by Country - South America - Statistics

General Stats
  • This quiz has been taken 23 times
  • The average score is 10 of 12
Answer Stats
Athlete Sport Country % Correct
Lionel Messi Soccer Argentina
100%
Pele Soccer Brazil
95%
Miguel Cabrera Baseball Venezuela
90%
Radamel Falcao Soccer Colombia
86%
Antonio Valencia Soccer Ecuador
86%
Shivnarine Chanderpaul Cricket Guyana
86%
Diego Forlan Soccer Uruguay
86%
Roque Santa Cruz Soccer Paraguay
81%
Clarence Seedorf Soccer Suriname
81%
Teofilo Cubillas Soccer Peru
76%
Marco Etcheverry Soccer Bolivia
71%
Elias Figueroa Soccer Chile
71%
No matching quizzes found
Score Distribution
Percent of People with Each Score
Percentile by Number Answered
Your Score History
You have not taken this quiz